000 00724nam a2200253Ia 4500
003 OSt
005 20220928113719.0
006 a|||||r|||| 00| 0
007 ta
008 220927b |||||||| |||| 00| 0 eng d
020 _c2011.626
024 _a112836
037 _b1433, 25/10/2011, Ashutosh Technical Books
_cVideo
040 _aSDCL
_cSDCL
_beng
041 _2eng
_aeng
082 _aR14, K7
100 _aShoenfield Joseph R
_9434664
245 0 _aMathematical logic.
260 _aBoca Raton
_b CRC Press
_c2010
300 _avii,344p.
_ccm.
650 _aMathematics
942 _hR14, K7
_cAUD
_2CC
999 _c750961
_d750961